Morálna medicína

Bibliographic Details
Main Author: Sujová, Zita (Author)
Format: Article
Language:Slovak
Subjects:

MARC

LEADER 00000nab a2200000 a 4500
001 vtls000216019
003 SK-MaSNL
005 20260304075111.0
008 250423c1985 xo 0 slo
015 |a SNBRB19rr/mm-uuuuu 
035 |a CL0226133 
035 |a urn:nbn:sk:snk-ab1csm 
035 |a (urnnbn)urn:nbn:sk:snk:ar-0021yv 
035 |a (uuid)f572572e-0aeb-4f9d-a48b-1a8c007d87ee 
040 |a SNKBUCL  |b slo  |c SNKBUCL  |e AACR2 
041 0 |a slo 
044 |a xo  |c SK 
080 |a 792.2  |2 1981 
100 1 |a Sujová, Zita  |4 aut  |9 386521 
245 1 0 |a Morálna medicína  |c Zita Sujová 
300 |b Obr. 1. 
500 |a Réžia Juraj Nvota 
600 1 7 |a Kovačević, Dušan,  |d 1948-  |t Zberné stredisko  |2 snkbucl  |9 1226005 
610 2 7 |a Divadlo Slovenského národného povstania  |2 snkbucl  |9 232430 
650 0 7 |a činohry  |2 snkbucl  |9 3325 
655 7 |a recenzie  |2 snkbucl  |9 21907 
655 7 |a články z novín a časopisov  |2 snkbucl  |9 267496 
773 0 |t Film a divadlo  |g Roč. 29, č. 9 (1985), s. 12 
850 |a Slovenská národná knižnica 
852 |a Slovenská národná knižnica 
954 |a odborná, vedecká literatúra pôvodná (slovenská)  |2 lita 
958 |a article27 
958 |a OND 
958 |a EUIPO 
992 |a RBX 
999 |c 2779621  |d 2781551